000 00705nam a22002177a 4500
003 OSt
005 20230726095724.0
008 221006b |||||||| |||| 00| 0 eng d
040 _cBiblioteca Lado V
082 _a708
_bB467l
100 _9911
_aBenítez, Marimar
_eeditora
245 _aLorenzo Homar/
260 _bMuseo de Arte de Ponce
_c1978
_aPuerto Rico
300 _c22x22cm
_a111p.
366 _espa
650 _2Tesauro de Arte & Arquitectura
_aARTE
_9703
650 _2Tesauro de Arte & Arquitectura
_aEXPOSICION
_9702
650 _2Tesauro de Arte & Arquitectura
_aCATALOGO
651 _2Tesauro de Arte & Arquitectura
_aEL SALVADOR
942 _2ddc
_c1
_h708
_iB467l
_n0
999 _c4087
_d4087